| 000 | 00501nam a2200181Ia 4500 | ||
|---|---|---|---|
| 008 | 230524s9999 xx 000 0 und d | ||
| 020 | _a9789384588359 | ||
| 082 | _bALA | ||
| 100 |
_aS.N. Alam _942992 |
||
| 245 | 0 | _aAdvanced Guide to MATLAB: Practical Examples in Science and Engineering | |
| 250 | _a1 | ||
| 260 |
_aNew Delhi _bI.K.International _c2015 |
||
| 300 | _a"XIV,403p;" | ||
| 500 | _aQuantity Number: 1 | ||
| 650 | _aComp-Sc | ||
| 700 |
_a S. Islam & S.K.Patel _942993 |
||
| 942 | _cBK | ||
| 999 |
_c57940 _d57940 |
||